Key concepts in post-colonial studies / (Record no. 19291)

MARC details
000 -LEADER
fixed length control field 01243pam a2200349 a 4500
001 - CONTROL NUMBER
control field 2598556
003 - CONTROL NUMBER IDENTIFIER
control field BDDh-ASL
005 - DATE AND TIME OF LATEST TRANSACTION
control field 20231015025753.0
008 - FIXED-LENGTH DATA ELEMENTS--GENERAL INFORMATION
fixed length control field 970716s20041998ii bd 001 0 eng
010 ## - LIBRARY OF CONGRESS CONTROL NUMBER
LC control number 97028771
020 ## - INTERNATIONAL STANDARD BOOK NUMBER
International Standard Book Number 0415153034 (hardbound)
020 ## - INTERNATIONAL STANDARD BOOK NUMBER
International Standard Book Number 0415153042 (pbk.)
040 ## - CATALOGING SOURCE
Original cataloging agency DLC
Transcribing agency DLC
Modifying agency BDDh-ASL
050 00 - LIBRARY OF CONGRESS CALL NUMBER
Classification number JV22
Item number .A84 1998
082 00 - DEWEY DECIMAL CLASSIFICATION NUMBER
Classification number 325.303
Edition number 21
Item number ASK
100 1# - MAIN ENTRY--PERSONAL NAME
Personal name Ashcroft, Bill,
Dates associated with a name 1946-
245 10 - TITLE STATEMENT
Title Key concepts in post-colonial studies /
Statement of responsibility, etc. Bill Ashcroft, Gareth Griffiths, and Helen Tiffin.
260 ## - PUBLICATION, DISTRIBUTION, ETC.
Place of publication, distribution, etc. London :
-- India:
-- New York :
Name of publisher, distributor, etc. Routledge,
Date of publication, distribution, etc. 1998.
-- 2004
300 ## - PHYSICAL DESCRIPTION
Extent xi, 275 p. ;
Dimensions 21 cm.
440 #0 - SERIES STATEMENT/ADDED ENTRY--TITLE
Title Key concepts series
504 ## - BIBLIOGRAPHY, ETC. NOTE
Bibliography, etc. note Includes bibliographical references (p. 243-264) and indexes.
650 #0 - SUBJECT ADDED ENTRY--TOPICAL TERM
Topical term or geographic name entry element Colonies
General subdivision Dictionaries.
650 #0 - SUBJECT ADDED ENTRY--TOPICAL TERM
Topical term or geographic name entry element Decolonization
General subdivision Dictionaries.
650 #0 - SUBJECT ADDED ENTRY--TOPICAL TERM
Topical term or geographic name entry element Postcolonialism
Form subdivision Dictionaries.
650 #0 - SUBJECT ADDED ENTRY--TOPICAL TERM
Topical term or geographic name entry element Ethnic attitudes
General subdivision Dictionaries.
650 #0 - SUBJECT ADDED ENTRY--TOPICAL TERM
Topical term or geographic name entry element Race relations
General subdivision Dictionaries.
700 1# - ADDED ENTRY--PERSONAL NAME
Personal name Griffiths, Gareth,
Dates associated with a name 1943-
700 1# - ADDED ENTRY--PERSONAL NAME
Personal name Tiffin, Helen.
906 ## - LOCAL DATA ELEMENT F, LDF (RLIN)
a 7
b cbc
c orignew
d 1
e ocip
f 19
g y-gencatlg
942 ## - ADDED ENTRY ELEMENTS (KOHA)
Source of classification or shelving scheme Dewey Decimal Classification
Koha item type Books
Holdings
Withdrawn status Lost status Source of classification or shelving scheme Damaged status Not for loan Collection code Home library Current library Shelving location Date acquired Source of acquisition Total Checkouts Full call number Barcode Date last seen Copy number Price effective from Koha item type
    Dewey Decimal Classification     Non-fiction Asiatic Society Library Asiatic Society Library Sirajul Islam Collection 11/22/2020 Donated by Professor Sirajul Islam, FRHS   325.303 ASK 102599 11/22/2020 C-1 11/22/2020 Books

Powered by Koha